[Event "3rd Dvoretsky Memorial 2021"]
[Site "Moscow"]
[Date "2021.02.10"]
[Round "3.1"]
[White "Inarkiev, Ernesto"]
[Black "Zvjaginsev, Vadim"]
[Result "1-0"]
[WhiteElo "2654"]
[BlackElo "2614"]
[Annotator "TA"]
[PlyCount "115"]
[EventDate "2021.02.10"]
[EventType "tourn"]
[EventCountry "RUS"]
[Tiebreak "Koya+Number of wins"]
[SourceTitle "playchess.com"]
[Source "ChessBase"]
[SourceQuality "1"]

{[%evp 9,115,18,27,29,43,33,35,24,76,63,60,64,57,12,53,0,34,37,45,45,56,42,47,
46,46,46,46,46,43,44,49,47,46,48,43,30,30,0,0,0,0,-16,-23,-13,-11,-21,0,0,97,
82,82,91,86,63,143,137,140,85,68,36,156,56,167,157,165,150,206,137,201,37,120,
112,189,0,134,132,128,119,120,124,115,138,141,138,378,368,339,327,395,412,381,
73,85,79,393,345,1051,997,12841,12841,12841,12842,12843,12842,12842,12841,
12846,12846]} 1. d4 d5 2. Nf3 e6 3. Bf4 Bd6 4. e3 Qe7 5. Nbd2 Nd7 {[#]} 6. c4
$146 {D02: 1 d4 d5 2 Nf3 sidelines, including 2...Nf6 3 g3 and 2...Nf6 3 Bf4.}
({Predecessor:} 6. Bxd6 Qxd6 7. e4 dxe4 8. Nxe4 Qb4+ 9. c3 Qxb2 10. Rb1 Qa3 11.
Bd3 Ngf6 12. O-O {1-0 (32) Prithu,G (2472)-Tica,S (2402) chess.com INT 2020})
6... Ngf6 7. c5 Bxf4 8. exf4 {White is slightly better.} h6 (8... O-O $11 {
keeps the balance.}) 9. Bd3 $16 g5 10. Qe2 gxf4 11. O-O-O c6 12. Ne5 (12. Kb1
$14) 12... Nxe5 13. Qxe5 b6 14. Nb3 Bb7 15. Kb1 Rg8 16. Qxf4 Rxg2 17. Rhg1 Rxg1
18. Rxg1 O-O-O 19. Qxh6 Nd7 20. h4 Qf6 21. Qxf6 Nxf6 22. Rg7 Rf8 $1 23. Kc2 Nh5
24. Rg4 Rh8 25. Kd2 Kd8 26. Ke3 Bc8 27. Be2 Ke7 (27... Nf6 {with more
complications.} 28. Rf4 Ke7 29. h5 Bd7 30. Rh4 Ng8) 28. Rg1 Kf6 (28... Kf8 $11
{remains equal.}) 29. Bxh5 Rxh5 {[%mdl 4096] Endgame KRB-KRN} 30. Rg8 $1 {
[%cal Rg8c8]} Ba6 31. Ra8 $1 {aiming for cxb6.} bxc5 (31... Bf1 $14) 32. Nxc5
Bf1 33. Rxa7 (33. Nd7+ $142 $1 Kf5 34. Rf8) 33... Rxh4 34. a4 {[%cal Ba2a4,
Ba4a5][%mdl 32]} Rh3+ (34... e5 $1 $14) 35. Kd2 ({Better is} 35. f3 $16) 35...
Rh2 (35... Rh4 $14) 36. Ke1 $18 Rh1 37. a5 Bb5+ 38. Kd2 Rf1 (38... Rh4 $16 {
is a better defense.}) 39. Ke3 $2 (39. a6 $1 $18) 39... Re1+ (39... e5 $1 $14)
40. Kf3 $16 Rd1 (40... Ra1 $16) 41. Ke3 ({White has to play} 41. a6 $1 $18)
41... Re1+ 42. Kf4 $1 Rd1 43. Nd7+ Kg6 44. Ne5+ Kh5 45. Rxf7 {[%cal Rf7h7]}
Rxd4+ {[#]} 46. Kg3 $1 {Black must now prevent Rh7+.} Rd1 $2 {[#]} (46... Rb4
$16) 47. f4 $1 $18 {[%cal Rf7h7]} Kh6 48. Rf6+ Kh5 49. Rxe6 Rg1+ 50. Kf2 $2 (
50. Kf3 $18 {and the rest is easy.}) 50... Rb1 $16 51. Ke3 {Strongly
threatening f5.} ({Of course not} 51. Nxc6 $6 Rxb2+ 52. Kf3 Rb3+ 53. Kg2 Rb2+
54. Kh3 Rb3+ 55. Kg2 Kg4 $11) 51... c5 $2 {[%mdl 8192]} (51... Rxb2 $16 {
is more resistant.} 52. Re7 Rb3+ 53. Kd4 Rb4+ 54. Kc5 Rxf4) 52. f5 Rxb2 $2 (
52... d4+ 53. Ke4 Re1+ 54. Kf4 Rf1+ 55. Nf3 c4) 53. f6 $18 {White is clearly
winning.} Re2+ 54. Kf3 Re1 55. f7 Rf1+ 56. Kg2 {Threatening mate with Nf3.} Rf5
57. a6 Rg5+ 58. Kh2 {Weighted Error Value: White=0.31/Black=0.34} 1-0

[Event "3rd Dvoretsky Memorial 2021"]
[Site "Moscow"]
[Date "2021.02.10"]
[Round "3.2"]
[White "Gunina, Valentina"]
[Black "Grachev, Boris"]
[Result "0-1"]
[WhiteElo "2427"]
[BlackElo "2619"]
[Annotator "TA"]
[PlyCount "70"]
[EventDate "2021.02.10"]
[EventType "tourn"]
[EventCountry "RUS"]
[Tiebreak "Koya+Number of wins"]
[SourceTitle "playchess.com"]
[Source "ChessBase"]
[SourceQuality "1"]

{[%evp 9,70,-6,-7,-22,-20,-24,-24,-16,-25,-23,-18,-15,-14,-22,-20,-41,-54,-218,
-114,-127,-64,-65,-80,-83,-50,-64,-55,-62,-48,-179,-179,-302,-306,-307,-306,
-289,-294,-283,-295,-292,-247,-377,-370,-360,-353,-439,-397,-421,-397,-552,
-296,-1035,-1022,-894,-812,-1544,-1506,-6448,-6532,-7742,-7742,-4141,-2021]} 1.
d4 d5 2. c4 e6 3. Nf3 Nf6 4. Nc3 a6 5. Bg5 dxc4 6. e4 {D24: Queen's Gambit
Accepted: 3 Nf3 Nf6 4 Nc3.} b5 7. e5 {[#]} h6 $1 8. Bh4 {[%mdl 64] [#] Pin.
Black has an edge.} g5 $1 9. Nxg5 hxg5 10. Bxg5 {[%mdl 64] [#] Pin} Nbd7 11.
exf6 (11. Be2 Bh6) 11... Bb7 12. d5 Nc5 {Strongly threatening ...b4.} 13. Be2
$2 {[#]} (13. dxe6 $15 Nxe6 14. Qxd8+ Rxd8 15. Be3) 13... Bxd5 $146 ({Better is
} 13... b4 $19 14. Na4 Nd3+ {[%mdl 64] Decoy} 15. Bxd3 Qxd5 {[%mdl 64] Double
Attack}) ({Predecessor:} 13... b4 14. Bxc4 bxc3 15. dxe6 Qxd1+ 16. Rxd1 Nxe6
17. Bxe6 fxe6 18. bxc3 Bxg2 19. Rg1 Rxh2 {0-1 (36) Akesson,R (2395)-Benitez
Lozano,J (2350) Chess.com INT 2020}) 14. Nxd5 {[#] Black must now prevent Ne7.}
Qxd5 (14... Nd3+ $1 $17 15. Bxd3 Qxd5 {[%mdl 64] Double Attack}) 15. Qxd5 $15
exd5 16. O-O-O O-O-O 17. Be3 Bh6 18. f4 Ne4 19. g4 {Black continues to play
with concentration.} (19. Bg4+ $15 Kb8 20. Bf3 Nxf6 21. Kc2) 19... d4 $1 $19 {
[%cal Rd4e3][%mdl 64] Deflection} 20. Bxd4 (20. g5 {was called for.} dxe3 21.
Bg4+ Kb8 22. Rxd8+ Rxd8 23. gxh6) 20... Bxf4+ {[%mdl 64] Double Attack,
Discovered Attack} 21. Kc2 {[#]} c5 $1 {[%cal Rc5d4]} (21... Rxh2 22. Rxh2 Bxh2
23. Bf3 $17) 22. Bc3 Rxd1 ({Not} 22... Rxh2 23. Rxd8+ Kxd8 24. Rxh2 $17) 23.
Bxd1 Nf2 ({Weaker is} 23... Rxh2+ 24. Rxh2 Bxh2 25. Bf3 $17) 24. Re1 Rxh2 {
aiming for ...b4.} 25. Re8+ (25. a3 $142) 25... Kd7 26. Re7+ Kd6 27. Ba5 {
Threatens to win with Bc7+.} Nxg4+ 28. Kb1 {Hoping for Bc7+.} Nxf6 29. Rxf7 Be5
30. Ra7 $2 (30. Bc7+ Ke6 31. Bxe5 Kxe5 32. Bf3) 30... Rxb2+ {Black is clearly
winning.} 31. Kc1 Rxa2 32. Rxa6+ Kd5 33. Bf3+ Ne4 34. Ra7 Kd4 35. Bb6 Bf4+ {
Weighted Error Value: White=1.10/Black=0.19} 0-1

[Event "3rd Dvoretsky Memorial 2021"]
[Site "Moscow"]
[Date "2021.02.10"]
[Round "3.3"]
[White "Esipenko, Andrey"]
[Black "Makarian, Rudik"]
[Result "1-0"]
[WhiteElo "2677"]
[BlackElo "2461"]
[Annotator "TA"]
[PlyCount "75"]
[EventDate "2021.02.10"]
[EventType "tourn"]
[EventCountry "RUS"]
[Tiebreak "Koya+Number of wins"]
[SourceTitle "playchess.com"]
[Source "ChessBase"]
[SourceQuality "1"]

{[%evp 9,75,-8,-4,0,14,4,22,22,34,16,148,148,141,136,133,126,134,69,65,60,60,
64,52,53,75,70,72,25,35,20,75,56,55,62,55,63,106,104,270,47,133,141,124,98,102,
39,39,38,36,16,273,268,251,237,460,449,557,381,377,385,670,701,702,694,1512,
1542,1850,1799]} 1. d4 Nf6 2. Nc3 d5 3. Bf4 e6 4. Nb5 Na6 5. e3 c6 6. Nc3 {
D00: 1 d4 d5: Unusual lines.} Nc7 7. Nf3 Bd6 8. Ne5 {The position is equal.}
Qe7 9. Qf3 Nd7 {[#]} (9... Bb4 $11) 10. Nxf7 $146 {[%mdl 576] Double Attack} ({
Predecessor:} 10. Qg3 Bxe5 11. dxe5 Qf8 12. h4 b6 13. h5 h6 14. Rh4 Ba6 15.
Bxa6 Nxa6 16. Rg4 {1/2-1/2 (108) Bortnyk,O (2600)-Bogdanovich,S (2593) Omelnyk
2017}) 10... Bxf4 11. Qxf4 Qxf7 12. Qxc7 O-O 13. Qg3 ({Better is} 13. f4 $16)
13... e5 $14 14. dxe5 Nxe5 15. Be2 Qe7 16. O-O-O Bf5 17. Rd4 b5 {[%cal Bb7b5,
Bb5b4][%mdl 32]} 18. Rhd1 b4 19. Na4 Nd7 (19... a5 $11) 20. Qc7 Rac8 21. Qb7 (
21. Qxa7 $2 Ra8 $19) 21... Qd6 22. e4 ({Wrong is} 22. Qxb4 $2 c5 $19) (22. Rxb4
$2 Rc7 $19) (22. Qxa7 $2 Ra8 $19) 22... Rc7 23. Qxb4 c5 $2 {[#]} 24. Qa3 $2 ({
Weaker is} 24. Rxd5 Qxd5 25. Qc4 (25. Rxd5 cxb4 26. exf5 Re8 $14) 25... Qxc4
$16) ({Only move:} 24. Nxc5 $1 $18 {[%mdl 512]} Rxc5 25. exf5) 24... Qh6+ (
24... Bxe4 $14 25. R4d2 (25. Rxe4 Qh6+ 26. Re3 d4 $11 {[%mdl 64] Pin}) 25...
Bxg2) 25. R4d2 $16 Bxe4 26. f3 Bg6 27. Nc3 ({White should try} 27. g3 $16)
27... Nb6 $14 28. Kb1 $36 {[%mdl 2048] White has some pressure.} d4 29. Nb5 Re7
{[%mdl 8192]} (29... Rc6 $11 {and Black has nothing to worry.}) 30. Qxc5 $18 {
[%mdl 64] Double Attack} Rfe8 31. Nxd4 Qxh2 $2 (31... Re5 32. Qc6 Qxh2) 32. Bb5
Re5 33. Qd6 Qh6 {...Qxd2! is the strong threat.} 34. a4 {[%cal Ba2a4,Ba4a5]
[%mdl 32]} Rd5 $2 (34... Rxb5 35. Nxb5 Nc4) 35. Qb4 {White is clearly winning.}
Red8 36. a5 Nd7 37. Bc4 Nf6 38. Nc6 {[%mdl 64] Double Attack.  Weighted Error
Value: White=0.27/Black=0.54} 1-0

[Event "3rd Dvoretsky Memorial 2021"]
[Site "Moscow"]
[Date "2021.02.10"]
[Round "3.4"]
[White "Murzin, Volodar"]
[Black "Vitiugov, Nikita"]
[Result "1/2-1/2"]
[WhiteElo "2478"]
[BlackElo "2715"]
[Annotator "TA"]
[PlyCount "75"]
[EventDate "2021.02.10"]
[EventType "tourn"]
[EventCountry "RUS"]
[Tiebreak "Koya+Number of wins"]
[SourceTitle "playchess.com"]
[Source "ChessBase"]
[SourceQuality "1"]

{[%evp 9,75,18,18,19,22,16,20,24,11,19,20,4,21,7,4,4,20,0,0,0,0,0,0,0,7,0,6,0,
0,-17,0,0,0,-8,-11,-7,0,-12,-11,-16,-13,-34,-34,-34,-34,-47,-18,-27,-45,-23,27,
26,26,42,40,40,21,28,28,35,61,54,63,0,0,0,67,0]} 1. e4 c5 2. Nf3 d6 3. Bb5+ Nd7
4. O-O a6 5. Bd3 Ngf6 6. c3 {B51: Sicilian: Moscow Variation (3 Bb5+) without
3...Bd7.} e6 7. Bc2 b5 8. d4 {The position is equal.} Bb7 9. Qe2 Be7 10. Re1
Qc7 11. Bd3 O-O (11... c4 $5 12. Bc2 $8 O-O $11) 12. Nbd2 {[%cal Bb1d2,Bd2f1,
Bf1g3][%mdl 32]} Rfe8 13. Nf1 cxd4 14. cxd4 e5 15. d5 Nc5 {[#]} 16. Bc2 $146 ({
Predecessor:} 16. Ng3 Nxd3 17. Qxd3 Rac8 18. Bg5 Nd7 19. Bxe7 Rxe7 20. Nf5 Ree8
21. Qa3 Nc5 22. b4 {1-0 (42) Ramirez Alvarez,A (2549)-Chandra,A (2505) Saint
Louis 2017}) 16... a5 17. Ng3 g6 18. h3 ({Not} 18. Qxb5 $2 Ba6 $19) 18... b4
19. Be3 Nfd7 20. Qd2 Rec8 21. Rac1 Ba6 22. Ba4 $1 {[%cal Ra4d7]} Qd8 23. Bc6
Nd3 24. Bxa8 Rxa8 25. Red1 Nxc1 26. Rxc1 Rc8 27. Qd1 Bb5 28. Nd2 Rxc1 29. Qxc1
Bg5 30. Bxg5 Qxg5 31. Qc8+ Kg7 32. Nf3 Qf4 33. Qc7 h5 {With the idea ...h4.}
34. h4 (34. Qxd6 h4 $17) 34... Nf6 35. Ng5 {Threatening mate with Nf5+.} ({
Don't go for} 35. Qxa5 $2 Qc1+ 36. Kh2 Ng4+ 37. Kh3 Nxf2+ 38. Kh2 Be2 $1 $19)
35... Bd7 36. Nf3 (36. Ne6+ $5 Bxe6 37. dxe6 $16) 36... Bb5 37. Ng5 {White
wants to mate with Nf5+.} ({But not} 37. Qxa5 $2 Qc1+ 38. Kh2 Ng4+ 39. Kh3
Nxf2+ 40. Kh2 Be2 $1 $19) 37... Bd7 {[#]} 38. Nf3 {Weighted Error Value:
White=0.07/Black=0.05} ({Better is} 38. Ne6+ $1 $14 Bxe6 39. dxe6) 1/2-1/2

[Event "3rd Dvoretsky Memorial 2021"]
[Site "Moscow"]
[Date "2021.02.10"]
[Round "3.5"]
[White "Kobalia, Mikhail"]
[Black "Savchenko, Boris"]
[Result "1-0"]
[WhiteElo "2587"]
[BlackElo "2552"]
[Annotator "TA"]
[PlyCount "153"]
[EventDate "2021.02.10"]
[EventType "tourn"]
[EventCountry "RUS"]
[Tiebreak "Koya+Number of wins"]
[SourceTitle "playchess.com"]
[Source "ChessBase"]
[SourceQuality "1"]

{[%evp 9,153,22,25,22,45,41,41,20,51,44,69,49,82,86,123,127,114,108,121,129,
143,116,157,116,126,77,82,18,70,70,64,64,70,62,64,-239,69,68,62,68,58,61,282,
284,282,277,254,282,268,278,289,-709,289,287,275,272,306,300,307,305,323,321,
321,321,311,301,280,279,344,0,263,255,500,492,547,547,539,377,527,511,599,598,
2270,2285,1383,1210,4856,4850,4144,2479,29963,29964,29968,29967,29968,29969,
29978,29969,29970,29970,29971,29973,29972,29974,29974,29975,29975,29974,29971,
29971,29980,29976,29980,29978,29978,29977,29975,29977,29977,29978,29978,29976,
29984,29985,29985,29978,29977,29975,29975,29976,29966,29967,29966,29964,29985,
29967,29966,29957,29985,29986,29984,12829,11886,4153,29989,29990]} 1. e4 c5 2.
Nf3 d6 3. Bb5+ Nd7 4. O-O a6 5. Bd3 Ngf6 6. c3 {B51: Sicilian: Moscow
Variation (3 Bb5+) without 3...Bd7.} Ne5 7. Nxe5 {7.Be2 is the hot move.} dxe5
8. Qe2 $5 {[%mdl 4] [#] White is slightly better. Leaves trodden paths.} Nd7
$146 ({Predecessor:} 8... g6 9. a4 Nh5 10. g3 Qd7 11. a5 Qc7 12. Bc4 Bh3 13.
Rd1 Bh6 14. b4 Rc8 {1-0 (32) Johannessen,L (2518)-Goudriaan,E (2374)
Maastricht 2013}) 9. a4 Nb8 10. Na3 Be6 11. Bc4 Bd7 12. f4 exf4 13. d4 (13.
Rxf4 e6 $14) 13... cxd4 14. Bxf4 {Hoping for Bxf7+!} (14. Rxf4 $6 e6 $14) 14...
e6 15. Qh5 {[%mdl 1024] aiming for Bxb8. White has strong compensation.} g6 {
[#]} 16. Qf3 (16. Qe5 $6 f6 $16) 16... Nc6 17. Bc7 {[%csl Gf1][%cal Rf3f7]} Qe7
({Don't blunder} 17... Qxc7 $2 18. Qxf7+ Kd8 19. Qf6+ Be7 20. Qxh8+ Be8 21.
Bxe6 $18) 18. e5 $40 {[%mdl 128] White is up to no good.} (18. Bb3 $16 {
Strongly threatening Nc4.} Bg7 19. Nc4) 18... dxc3 (18... Bg7 $11 19. Bd6 Nxe5
20. Qxb7 {[%mdl 64] Double Attack} Qxd6 21. Qxa8+ Ke7 22. Qxa6 Qxa6 23. Bxa6
dxc3 24. bxc3 Bxa4) 19. Bd6 $14 Nxe5 $1 {[%mdl 64] [#] Decoy} 20. Bxe5 (20.
Qxb7 Qxd6 21. Qxa8+ Ke7 $17) 20... Qc5+ {[%mdl 64] Double Attack} 21. Kh1 $1
Qxe5 22. Qxf7+ Kd8 {...Bd6 is the strong threat.} 23. Rae1 $1 {[%cal Re1e5]}
Qg7 24. Rd1 {White threatens Rxd7+ and mate.} Qxf7 25. Rxf7 cxb2 $2 ({Better is
} 25... Bxa3 $14 26. Rfxd7+ Ke8 27. bxc3 (27. bxa3 $2 c2 $19) 27... Rf8) 26.
Rfxd7+ $18 ({Not} 26. Rdxd7+ Ke8 $16) 26... Ke8 27. Nb1 Rc8 28. Bxe6 {[%csl
Gd7][%cal Re6f7]} Bb4 {intending ...Rf8.} 29. Rxb7 Rc1 {[%cal Rc1d1]} 30. Bf7+
Kf8 {[%cal Rc1d1]} 31. Bb3 a5 32. g3 h5 33. Kg2 {[%cal Rd1d8]} Rxd1 34. Bxd1
Rg8 35. Kf3 Rg7 36. Rxg7 Kxg7 37. Bc2 Kf6 38. Ke4 Kg5 39. Kf3 Kf6 40. h3 Be1 $2
(40... Kg5 41. Ke2 Bd6) 41. Na3 Kg5 42. Nc4 Bc3 43. Nd6 {Black must now
prevent Ne4+.} Bd4 44. g4 hxg4+ 45. hxg4 Kf6 46. Ke4 Bc3 47. Kd3 Bb4 48. Nc4
Kg5 49. Kd4 Kxg4 50. Bxg6 Be7 51. Nxa5 Kg5 52. Bb1 Kf6 53. Kd5 Bb4 54. Nc4 Ke7
55. Nxb2 Kd7 56. Kc4 Bd2 57. Kb5 Kc7 58. Nc4 Be1 59. a5 Bf2 60. Be4 Bg1 61. Nb2
Kd6 62. Ka6 Kc7 63. Nd3 Bd4 64. Nb4 Bf2 65. Nd5+ Kb8 66. Kb5 Kb7 67. Nb4+ Kc7
68. Na6+ Kd6 69. Bf3 Bg1 70. Nb4 Kc7 71. Nd5+ Kb7 72. Ne7+ Kc7 73. a6 Bf2 74.
Nd5+ Kb8 75. Nb4 (75. Bh5 $142 Bg1 76. Bg4 Bd4 77. Ne7 Bg1 78. Nc6+ Kc7 79. a7
Bxa7 80. Nxa7) 75... Kc7 76. Nd3 Be3 77. Nc5 {Weighted Error Value: White=0.18/
Black=0.40} 1-0

[Event "3rd Dvoretsky Memorial 2021"]
[Site "Moscow"]
[Date "2021.02.10"]
[Round "4.1"]
[White "Zvjaginsev, Vadim"]
[Black "Savchenko, Boris"]
[Result "1/2-1/2"]
[WhiteElo "2614"]
[BlackElo "2552"]
[Annotator "TA"]
[PlyCount "92"]
[EventDate "2021.02.10"]
[EventType "tourn"]
[EventCountry "RUS"]
[Tiebreak "Koya+Number of wins"]
[SourceTitle "playchess.com"]
[Source "ChessBase"]
[SourceQuality "1"]

{[%evp 11,92,-6,3,0,12,4,6,-8,0,-13,0,8,10,3,10,7,10,1,19,-41,93,93,89,79,85,
107,481,309,321,333,336,489,322,329,319,322,304,0,80,0,307,307,360,328,621,603,
634,615,583,597,470,49,51,46,43,47,47,31,31,31,41,28,29,28,28,23,31,23,25,0,0,
0,11,0,0,0,8,8,11,11,12,12,12]} 1. e4 c5 2. Nf3 d6 3. Bd3 g6 4. O-O Bg7 5. Bb5+
Nc6 6. c3 Nf6 7. Re1 {B50: Sicilian: 2...d6, Miscellaneous.} Bg4 8. h3 Bxf3 {
[#]} 9. Bxc6+ $146 ({Predecessor:} 9. Qxf3 Qb6 10. Na3 O-O 11. Be2 a6 12. d3
Qc7 13. Nc2 b5 14. Bg5 Nd7 15. Qe3 {1/2-1/2 (32) Nemec,Z (2233)-Meissner,R 
(2112) LSS email 2011}) 9... bxc6 10. Qxf3 e5 11. d3 Nd7 12. Nd2 Nf8 13. d4
cxd4 14. cxd4 exd4 15. e5 (15. Nc4 $11 Be5 16. Bh6) 15... d5 {[#]} (15... dxe5
$15 {keeps the upper hand.} 16. Nc4 Qd5 17. Qxd5 cxd5 18. Nxe5 Ne6) 16. Nc4 $1
$16 {[%cal Rc4d6]} dxc4 17. Qxc6+ Nd7 18. e6 fxe6 {[%mdl 8192]} (18... O-O $16
{is more resistant.} 19. exd7 a6) 19. Qxe6+ Kf8 {White must now prevent ...h5.}
20. Bf4 {White wants to mate with Bd6+.} Bf6 21. Bh6+ Bg7 22. Qd6+ Kf7 23. Qd5+
Kf8 24. Qd6+ $2 (24. Qxd4 $18 {[%csl Gh6][%cal Rd4g7] and White stays clearly
on top.} Qf6 25. Bxg7+ Kxg7 26. Re7+ Kf8 27. Rxd7 Qxd4 28. Rxd4) 24... Kf7 {[#]
} 25. Qd5+ $2 (25. Bxg7 $1 $16 {Threatening mate with Bh6.} Nf6 26. Qxf6+ Qxf6
27. Bxf6 Kxf6 28. Re4) 25... Kf8 $1 $18 26. Qxd4 {[%csl Gh6][%cal Rd4g7]} Nf6
27. Qc5+ Kg8 $2 (27... Kf7) 28. Bxg7 Kxg7 29. Re7+ {[%mdl 64] Double Attack}
Kh6 30. Qe5 {White threatens Qf4+ and mate.} Rf8 {[#]} 31. h4 $2 ({White has
to play} 31. g4 $1 $18 {[%cal Rg4g5] Intending g5+ and mate.} Qb8 32. Rc7 Qxc7
33. Qxc7) 31... Qd2 $14 32. f4 {[%csl Gf4,Gh4][%cal Re5g5]} Qd5 {Hoping for ...
Qxe5.} 33. Qg5+ Qxg5 34. hxg5+ Kh5 {...Nd5 is the strong threat.} 35. gxf6 {
[%mdl 4096] Endgame KRR-KRR} Rab8 36. Rc1 Rxb2 37. Rxc4 Rxf6 38. Rxh7+ Kg4 39.
Rxa7 Rxf4 40. Raa4 (40. Rxf4+ {seems wilder.} Kxf4 41. Kh2 g5 42. Ra4+ Kf5 43.
Kh3) 40... g5 {The position is equal.} 41. Kh2 (41. Re4 {looks sharper.} Rc2
42. a3 Ra2 43. Kh2 Ra1 44. Red4) 41... Rd2 42. Rxf4+ gxf4 43. Ra8 f3 44. Rg8+
Kf5 45. Rf8+ Kg6 46. Rxf3 {And now Ra3 would win.} Rxa2 {Black escapes into a
draw.  Weighted Error Value: White=0.43/Black=0.36} 1/2-1/2

[Event "3rd Dvoretsky Memorial 2021"]
[Site "Moscow"]
[Date "2021.02.10"]
[Round "4.2"]
[White "Vitiugov, Nikita"]
[Black "Kobalia, Mikhail"]
[Result "0-1"]
[WhiteElo "2715"]
[BlackElo "2587"]
[Annotator "TA"]
[PlyCount "57"]
[EventDate "2021.02.10"]
[EventType "tourn"]
[EventCountry "RUS"]
[Tiebreak "Koya+Number of wins"]
[SourceTitle "playchess.com"]
[Source "ChessBase"]
[SourceQuality "1"]

{[%evp 9,57,-6,8,14,22,20,51,60,62,61,60,54,60,52,60,59,70,62,60,52,66,45,55,
46,81,81,92,45,68,67,81,75,67,74,356,347,330,339,333,291,275,-150,97,86,90,
-320,-192,-824,-681,-860]} 1. e4 c6 2. d4 d5 3. f3 e6 4. Nc3 Bb4 5. Bd2 Nf6 6.
e5 {B12: Caro-Kann: Advance Variation.} Nfd7 {Threatening ...Qh4+.} 7. f4 b6 $5
{[%mdl 4] Exploring less charted territory.} 8. Qg4 {White is slightly better.}
g6 9. Nf3 Ba6 10. Bxa6 Nxa6 11. O-O Nc7 {[#]} 12. Qh3 $146 ({Predecessor:} 12.
Nb5 Nxb5 13. Bxb4 c5 14. dxc5 bxc5 15. Bd2 Qe7 16. c3 f5 17. Qh3 c4 18. b4 cxb3
19. axb3 {1-0 (40) Westerinen,H (2355)-Quintas Galeano,L (2155) Balaguer 2011})
12... c5 13. Be1 cxd4 14. Nxd4 Bc5 15. Rd1 Qc8 16. Bf2 Qa6 17. a3 h5 18. Rd3
Bxd4 19. Rxd4 Nb8 20. Bh4 {Threatens to win with f5.} Nc6 21. Rd3 Nb5 $2 {
[%mdl 8192]} (21... Ne7 $16) 22. Nxd5 exd5 23. e6 O-O 24. e7 Rfe8 25. Bf6 (25.
f5 $1 $18 {[%cal Rf5g6] Hoping for fxg6.} Nxe7 26. fxg6 Nxg6 27. Qd7) 25... Nd6
$2 (25... Nxe7 $17 {White must now prevent ...Nd6.} 26. f5 Qc8 {[%mdl 64]
Double Attack}) 26. Rg3 $16 {Threatening mate with Qxh5.} ({Not} 26. Qd7 Ne4
$17) 26... Qe2 {[#]} ({Weaker is} 26... Ne4 27. Rxg6+ $3 {[%mdl 512]} fxg6 28.
Qe6+ Kh7 29. Qf7+ Kh6 30. Qg7#) 27. Qd7 {[%mdl 8192]} (27. f5 $1 $16 {[%cal
Rf5g6]} Kh7 28. fxg6+ fxg6 29. Re3) 27... Nxe7 28. Be5 $2 (28. Qxd6 Nf5 {
[%mdl 64] Double Attack} 29. Qxd5) 28... Ndf5 29. Rc3 {Weighted Error Value:
White=0.67/Black=0.56} 0-1

[Event "3rd Dvoretsky Memorial 2021"]
[Site "Moscow"]
[Date "2021.02.10"]
[Round "4.3"]
[White "Makarian, Rudik"]
[Black "Murzin, Volodar"]
[Result "0-1"]
[WhiteElo "2461"]
[BlackElo "2478"]
[Annotator "TA"]
[PlyCount "114"]
[EventDate "2021.02.10"]
[EventType "tourn"]
[EventCountry "RUS"]
[Tiebreak "Koya+Number of wins"]
[SourceTitle "playchess.com"]
[Source "ChessBase"]
[SourceQuality "1"]

{[%evp 14,114,58,67,64,58,64,54,55,55,52,58,60,57,65,69,62,43,46,31,32,0,0,0,0,
0,0,0,0,19,23,0,0,0,0,-16,-9,-4,-35,-137,54,62,54,29,67,0,45,12,0,-14,-6,-12,0,
0,0,-63,-63,-86,-93,-95,-162,-312,-158,-134,-97,-92,-95,-105,-59,-56,-48,-657,
-269,-379,-18,-16,-14,-3918,-3251,-1642,-1423,-3173,-2349,-2706,-2297,-1806,
-1451,-1289,-1289,-3220,-3273,-1684,-1784,-29970,-29971,-29980,-29982,-29981,
-29982,-29984,-29985,-29990,-29991]} 1. d4 Nf6 2. c4 g6 3. Nc3 Bg7 4. e4 O-O 5.
Be2 d6 6. Be3 e5 7. d5 a5 8. g4 Na6 {E73: King's Indian: Averbakh Variation
without 6...c5.} 9. h4 Nc5 10. f3 h5 {White is slightly better.} 11. g5 Nfd7
12. Nh3 a4 13. Nf2 c6 {[#]} 14. Qd2 $146 ({Predecessor:} 14. dxc6 bxc6 15. Qxd6
Qa5 16. O-O a3 17. b4 Qxb4 18. Rfc1 Ra6 19. Rab1 Qa5 20. Nd3 Nxd3 21. Qxd3 {
1-0 (40) Makarian,R (2441)-Murzin,V (2470) Moscow 2020}) 14... Qa5 15. O-O-O
Nb8 16. Kb1 Nba6 17. dxc6 bxc6 18. Nd5 $1 {[%cal Rd5e7]} Qxd2 19. Ne7+ {
[%mdl 64] Double Attack, Zwischenzug} Kh8 20. Rxd2 Bb7 $1 21. Rxd6 Rfd8 22.
Rxc6 Bxc6 23. Nxc6 Rd7 24. Rd1 Rc7 $1 {[%cal Rc7c6]} 25. Na5 Bf8 26. Bd2 (26.
Rd5 $15) 26... Nb8 $2 (26... Ne6 $1 $17 27. Nd3 Nd4) 27. Bc3 $14 Nbd7 28. Bf1
Kg8 29. Bh3 (29. Nd3 $1 $14) 29... Be7 30. Bxd7 Nxd7 31. Nc6 Rxc6 32. Rxd7 Re6
33. Nd3 f6 34. f4 (34. Kc2 $11) 34... Rd8 $1 $15 {[%cal Rd8d7]} 35. Rxd8+ Bxd8
36. gxf6 Bxf6 37. Bxe5 (37. f5 $142 gxf5 38. exf5) 37... Bxh4 {[%mdl 4096]
Endgame KRB-KBN} (37... Bxe5 $19 38. fxe5 (38. Nxe5 $2 g5 $19) 38... g5) 38. f5
$17 gxf5 39. exf5 Rc6 {Strongly threatening ...Bf6.} 40. b3 axb3 41. axb3 Bf6 {
...Bxe5 is the strong threat.} 42. b4 $2 {[%mdl 8192]} (42. Bf4 $15) 42... Bxe5
$19 43. Nxe5 {[#] KR-KN} Rb6 (43... h4 $1 $19 {[%mdl 512]} 44. c5 {[#]} (44.
Nxc6 $2 {perishes.} h3 $19) 44... h3 $1) 44. b5 $11 h4 {White must now prevent
...h3.} 45. Ka2 $2 {[%mdl 8192]} (45. Kc2 $11) 45... h3 $19 46. Ng4 Rd6 47. Kb3
Kf7 48. Kc3 Ke7 49. c5 Rd5 50. f6+ Ke6 51. b6 Rxc5+ 52. Kb4 Rg5 53. Nh2 Kd6 {
Black mates.} 54. f7 Rf5 55. Kc3 Rxf7 56. Kd4 Rf2 57. Ng4 Rf4+ {[%mdl 64]
Double Attack.  Weighted Error Value: White=0.62/Black=0.32} 0-1